On This Day: December 27th Quiz Stats

 Plays Quiz Updated Dec 27, 2017

Challenge
Share
Tweet
Embed
Score 0/7 Timer 03:00
0 Plays Today
Question Answer Wrong Answers
This man embarks on his journey aboard the HMS Beagle, during which he will begin to formulate his theory of evolution.
1831
Charles Darwin
96.9%
Richard Dawkins
1.3%
Ernst Haeckel
0.3%
Thomas Henry Huxley
0.9%
Regina Jonas is ordained as the first female ______ in the history of Judaism.
1935
Rabbi
92.4%
Priest
3.3%
Hazzan
1.1%
Missionary
1.3%
This French chemist and microbiologist, remembered for his remarkable breakthroughs in the causes and prevention of diseases, is born.
1822
Louis Pasteur
86%
Dmitri Mendeleev
1.3%
Alexander Fleming
11.8%
Michael Faraday
0.9%
In one of the first and most influential uses of the term, Journalist John L. O'Sullivan argues that the United States had the right to claim the entire Oregon Country ‘by the right of our ______’.
1845
Manifest Destiny
78.1%
Inevitable Expansion
4.4%
American Fate
2.1%
Divine Authority
14%
Riots erupt in Mombasa, ______, after Mwai Kibaki is declared the winner of the presidential election, triggering a political, economic, and humanitarian crisis.
2007
Kenya
62.7%
South Africa
8.2%
Tanzania
23.3%
Morocco
3.5%
This country becomes a democracy after 40 years of fascist dictatorship.
1978
Spain
57.1%
Italy
16.6%
Mexico
3.6%
Chile
20.6%
The Great Poland Uprising against this nation begins, ultimately having a significant effect on the Treaty of Versailles.
1918
Germany
47.9%
Russia
34.2%
France
13.1%
Lithuania
3.2%

Today's Daily Dose

Missing Word
TV HA - HZ

Word Ladder
Nordic Capital

On This Day
January 19th II

You're not logged in!

Compare scores with friends on all Sporcle quizzes.
OR
Log In

You Might Also Like...

Show Comments

Extras

Top Quizzes Today


Score Distribution

Your Account Isn't Verified!

In order to create a playlist on Sporcle, you need to verify the email address you used during registration. Go to your Sporcle Settings to finish the process.

Report this User

Report this user for behavior that violates our Community Guidelines.

Details: